Follie Di Brooklyn

Guardat en:
Dades bibliogràfiques
Autor principal: Paul Auster
Format: Llibre
Idioma:idioma desconegut
Publicat: Mondadori Libri
Etiquetes: Afegir etiqueta
Sense etiquetes, Sigues el primer a etiquetar aquest registre!

MARC

LEADER 00000nam a2200000Ia 4500
001 R-498
003 CODICE-MESSINA
005 20260212102452.0
008 260211s9999 xx 000 0 und d
040 |c importazione_messina 
100 |a Paul Auster 
245 0 |a Follie Di Brooklyn 
260 |b Mondadori Libri 
942 |2 ddc  |c BK 
952 |0 0  |1 0  |2 ddc  |4 0  |6 SCAFFALE_5_000000000000000__ROMANZI  |7 0  |9 31318  |a ME  |b ME  |d 2026-02-11  |l 0  |o SCAFFALE 5 - ROMANZI  |p R-498  |r 2026-02-11 23:52:28  |w 2026-02-11  |x [REVISIONARE]  |y BK 
999 |c 26982  |d 26982